Advent Puzzle Dec 14: Christmanental Drift Quiz Stats

 Plays Quiz not verified by Sporcle

*In each of these sets (and, sorry, the category headers as well). All consonants have been replaced by the first consonant in the word. e.g. For the category "Reindeer", Comet would be Cocec. If you guess the category names and type them in, you will also get a bit of a hint to the secret word for the Advent Calendar, though you may not really need the hint.
Score 0/48 Timer 10:00
0 Plays Today
Category Answer % Correct
HOHIHAH HOHIEHElf
91.1%
FAF FOYFNintendo 64
83.1%
HOHIHAH HOHIEHIt's A Wonderful Life
78%
DEDODADIODDIcicle
74%
NANININY NNENEMary
73.7%
NANININY NNENEBaby Jesus
73.2%
HOHIHAH HOHIEHA Christmas Story
71.8%
DEDODADIODDHolly
71.6%
HOHIHAH HOHIEHWhite Christmas
70.4%
ENNNINN NNNINNNAN NINNENGoose
65.9%
DEDODADIODDMistletoe
65.5%
FAF FOYFMy Little Pony
65.1%
FAF FOYFGame Boy
63.9%
DEDODADIODDWreath
63.6%
ENNNINN NNNINNNAN NINNENYule Log
63.5%
NANININY NNENEDonkey
63.5%
TTETTE TATT OT TTTITTTATPartridge In A Pear Tree
62.6%
HOHIHAH HOHIEHScrooge
61.5%
HOHIHAH HOHIEHThe Polar Express
60.3%
DEDODADIODDPoinsettia
60.3%
FAF FOYFFurby
60%
TTETTE TATT OT TTTITTTATMaids A-Milking
59.8%
TTETTE TATT OT TTTITTTATPipers Piping
59.6%
DEDODADIODDOrnament
58.1%
Category Answer % Correct
TTETTE TATT OT TTTITTTATDrummers Drumming
55.8%
NANININY NNENEAngel
55.5%
TTETTE TATT OT TTTITTTATFrench Hens
54.6%
TTETTE TATT OT TTTITTTATGolden Rings
54.3%
TTETTE TATT OT TTTITTTATLadies Dancing
54.1%
ENNNINN NNNINNNAN NINNENMince Pie
53.1%
TTETTE TATT OT TTTITTTATCalling Birds
51%
FAF FOYFRubik's Cube
47.1%
NANININY NNENEManger
46.6%
NANININY NNENEShepherds
45%
ENNNINN NNNINNNAN NINNENGravy
44.9%
HOHIHAH HOHIEHFred Claus
44.7%
FAF FOYFCabbage Patch Kids
42.5%
FAF FOYFTickle Me Elmo
38.7%
ENNNINN NNNINNNAN NINNENFiggy Pudding
35.7%
NANININY NNENECamel
34.1%
ENNNINN NNNINNNAN NINNENRoast Potatoes
32.3%
FAF FOYFRazor Scooter
32.2%
HOHIHAH HOHIEHPrancer
31.1%
ENNNINN NNNINNNAN NINNENTrifle
25.2%
DEDODADIODDStocking
25.1%
DEDODADIODDSnowman
23.3%
ENNNINN NNNINNNAN NINNENCrackers
20.4%
NANININY NNENEGabriel
14.1%

You're not logged in!

Compare scores with friends on all Sporcle quizzes.
Join for Free
OR
Log In

You Might Also Like...

Show Comments

Extras

Top Quizzes Today


Score Distribution

Your Account Isn't Verified!

In order to create a playlist on Sporcle, you need to verify the email address you used during registration. Go to your Sporcle Settings to finish the process.

Report this User

Report this user for behavior that violates our Community Guidelines.

Details: